000 00968nam a22003017a 4500
003 CHAP
005 20220329133035.0
008 971013c19881983 r 00010 d
010 _a1518
011 _a2490
035 _a1684
040 _cCHAP
082 _a636.20892
_bG3
100 0 0 _aGarrett, Phillip D.
_946947
245 _aGuide to ruminant anatomy based on the dissection of the goat
260 _aAmes :
_bIowa State University,
_c1988 [c.1983]
300 _a102 p.
_b: ilus.
500 _aD42-38
590 _aBATCH-UPD
_b10
_c20130110
_lUCH01
_h1851
590 _aBATCH-UPD
_b10
_c20130410
_lUCH01
_h1220
590 _aBATCH-UPD
_b10
_c20130914
_lUCH01
_h1506
590 _aCONVERSION
_b10
_c20130109
_lUCH01
_h1302
650 1 4 _aGanado cabrío
_xAnatomía y fisiología.
_944992
650 1 4 _aRumiantes
_xAnatomía y fisiología.
_9100843
901 _aBK
942 _cLIBRO
949 _a636.20892 G3
_bBC
_cLIBRO
_d33724000745659
_eLIBRO
_h78197
_i1684
_sb
_t92.34
999 _c1518
_d1518